00379nam a2200133Ia 4500008004100000041000800041082001600049100002200065245005100087260005800138300003200196365001100228440000600239240624s9999 xx 000 0 und d aeng a658.408 SOU aSOUNDARAPANDIAN M aCORPORATE SOCIAL RESPONSIBILITY AND SUSTAINABL c2014aNew DelhibConcept Publishing Company Pvt. Ltd. axiii, : 294 : p. : cm. ; 22 cRSb25 v1